| 000 | 01145cam a2200337 a 4500 | ||
|---|---|---|---|
| 001 | 15880509 | ||
| 003 | OSt | ||
| 005 | 20231209093445.0 | ||
| 008 | 090825s2010 nyua b 001 0 eng | ||
| 010 | _a 2009032806 | ||
| 015 |
_aGBA9B0988 _2bnb |
||
| 016 | 7 |
_a015421305 _2Uk |
|
| 020 | _a9780521191326 (hardback : alk. paper) | ||
| 020 | _a0521191327 (hardback : alk. paper) | ||
| 035 | _a(OCoLC)ocn434124267 | ||
| 040 |
_aDLC _cDDC _dYDX _dUKM _dYDXCP _dCDX _dBWX _dDLC |
||
| 050 | 0 | 0 |
_aTA345 _b.K58 2010 |
| 082 | 0 | 0 | _a518 KIU 2010 |
| 100 | 1 |
_aKiusalaas, Jaan. _913831 |
|
| 245 | 1 | 0 | _aNumerical Methods in Engineering with Python |
| 250 | _a2nd ed. | ||
| 260 |
_aNew York : _bCambridge University Press, _c2010. |
||
| 300 |
_ax, 422 p. : _bill. ; _c26 cm. |
||
| 504 | _aIncludes bibliographical references and index. | ||
| 650 | 0 |
_aEngineering mathematics _913833 |
|
| 650 | 0 |
_aNumerical analysis _95194 |
|
| 650 | 0 |
_aPython _914043 |
|
| 906 |
_a7 _bcbc _corignew _d1 _eecip _f20 _gy-gencatlg |
||
| 942 |
_2ddc _cO_SHELF |
||
| 999 |
_c7791 _d7791 |
||